La leyenda del príncipe Rama /
Bewaard in:
| Hoofdauteur: | |
|---|---|
| Andere auteurs: | , |
| Formaat: | Elektronisch E-boek |
| Taal: | Spaans |
| Gepubliceerd in: |
Tres Cantos, Madrid, España :
Akal,
[2012]
|
| Reeks: | Para descubrir a los clásicos ;
24. |
| Onderwerpen: | |
| Online toegang: | Digitalia Hispánica |
| Tags: |
Voeg label toe
Geen labels, Wees de eerste die dit record labelt!
|
MARC
| LEADER | 00000nam a2200000 i 4500 | ||
|---|---|---|---|
| 001 | DIGAKAL0650 | ||
| 003 | NyNyDIG | ||
| 007 | cr ||||||||||| | ||
| 008 | 220617s2012 sp a o 001 1 spa d | ||
| 006 | m o d | ||
| 035 | |a (OCoLC)1283850819 | ||
| 040 | |a DGITA |b eng |e rda |e pn |c DGITA | ||
| 020 | |a 9788446049210 |q eBook | ||
| 020 | |z 9788446035459 | ||
| 050 | 1 | 4 | |a BL1139.26 ebook |
| 100 | 1 | |a Juárez, Jorge M., |d 1976- |e author. | |
| 245 | 1 | 3 | |a La leyenda del príncipe Rama / |c Jorge M. Juárez ; ilustraciones de David Ouro. |
| 264 | 1 | |a Tres Cantos, Madrid, España : |b Akal, |c [2012] | |
| 300 | |a 1 online resource : |b color illustrations. | ||
| 336 | |a text |b txt |2 rdacontent | ||
| 337 | |a computer |b c |2 rdamedia | ||
| 338 | |a online resource |b cr |2 rdacarrier | ||
| 347 | |a text file |2 rdaft | ||
| 347 | |b PDF | ||
| 490 | 1 | |a Una lectura con juegos para descubrir a los clásicos | |
| 500 | |a Includes index. | ||
| 588 | 0 | |a Online resource; title from PDF title page (Digitalia, viewed June 17, 2022) | |
| 655 | 7 | |a Adaptations. |2 lcgft | |
| 655 | 7 | |a Epic poetry. |2 lcgft | |
| 655 | 0 | |a Electronic books. | |
| 700 | 1 | |a Ouro, David, |e illustrator. | |
| 700 | 0 | 2 | |i Adaptation of (expression): |a Vālmīki. |t Rāmāyaṇa. |l Spanish |
| 791 | 2 | |a Digitalia (Firm), |e distributor. | |
| 793 | 0 | |g Digitalia eBook Collection: |a Akal | |
| 776 | 0 | 8 | |i Print version: |a Juárez, Jorge M., 1976- |t Leyenda del príncipe Rama. |d Tres Cantos, Madrid, España : Akal, [2012] |z 9788446035459 |
| 830 | 0 | |a Para descubrir a los clásicos ; |v 24. | |
| 856 | 4 | 0 | |3 Digitalia Hispánica |u https://digitalia.unach.elogim.com/a/70737/ |
| 910 | |a Premium collection: 2022 | ||